000
00302nam a2200109Ia 4500
008
200302s9999 xx 000 0 und d
100
_a
Walter Gropius
245
_a
Apollo in the Democracy the Cultural Obligation of the Architect
260
_b
Mcgraw-Hill Book Company
260
_c
1968
300
_a
182 P.,
999
_c
116
_d
116